[Event "AUTO-ELITE-2610"]
[Site "http://www.queenalice.com/game.php?id=1869129"]
[Date "2026.2.11"]
[Round "1"]
[White "trompmaster"]
[Black "ichtus"]
[Result "0-1"]
[WhiteElo "2493"]
[BlackElo "2829"]

1. e4 c5 2. Nf3 d6 3. Bb5+ Nc6 4. O-O Bd7 5. c3 a6 6. Ba4 Nf6 7. d4 Nxe4 8. d5
Ne5 9. Nxe5 dxe5 10. Bxd7+ Qxd7 11. Re1 Nd6 12. Rxe5 g6 13. Bg5 O-O-O 14. Re1
Qf5 15. Bh4 Nc4 16. Qe2 Qxd5 17. Na3 Nxa3 18. Rad1 Qc6 19. Rxd8+ Kxd8 20. Bxe7+
Kc8 21. bxa3 Bg7 22. Qd2 c4 23. Bg5 h6 24. Bf4 g5 25. Bg3 Rd8 26. Qe3 f5 27. f4
g4 28. Bf2 Rd3 29. Qe7 Bxc3 30. Qf8+ Rd8 31. Qxf5+ Kb8 32. Rc1 Bb2 33. Re1 Bxa3
34. Qa5 Qd6 35. Qb6 c3 36. f5 Qxb6 37. Bxb6 Rc8 38. Be3 Rc6 39. Kf2 c2 40. Bc1
Bxc1 41. Rxc1 Kc7 42. Ke3 Kd6 43. Ke4 b5 44. a3 a5 45. Kd3 Ke5 46. Kd2 Kxf5 47.
Kd3 b4 48. axb4 axb4 49. Rxc2 Rxc2 50. Kxc2 Kf4 0-1

[Event "AUTO-ELITE-2610"]
[Site "http://www.queenalice.com/game.php?id=1869130"]
[Date "2026.2.11"]
[Round "1"]
[White "ichtus"]
[Black "trompmaster"]
[Result "1-0"]
[WhiteElo "2833"]
[BlackElo "2513"]

1. Nf3 Nf6 2. d4 e6 3. Bg5 c5 4. c3 Qb6 5. Qc2 d5 6. e3 Nbd7 7. Nbd2 h6 8. Bh4
Bd6 9. Be2 O-O 10. O-O Qc7 11. dxc5 Qxc5 12. Rfc1 b6 13. b4 Qc7 14. Qb2 Qb8 15.
c4 Ba6 16. b5 Bb7 17. cxd5 Bxd5 18. Nc4 Bc7 19. Bg3 Bxg3 20. hxg3 a6 21. Nce5
axb5 22. Bxb5 Nc5 23. Nd2 Rd8 24. a4 Bb7 25. Ndc4 Qc7 26. f3 Nd5 27. e4 Ne7 28.
Nxf7 Kxf7 29. Nxb6 Ra5 30. Qb4 Bc6 31. Qxc5 Qa7 32. Rd1 Rb8 33. Nd7 Qxc5+ 34.
Nxc5 Bxb5 35. axb5 Rbxb5 36. Rxa5 Rxa5 37. Nb7 Ra6 38. Rd7 Ke8 39. Rd8+ Kf7 40.
Nd6+ Kg6 41. Rd7 Ra1+ 42. Kf2 Ra2+ 43. Ke3 Kf6 44. Ne8+ Kf7 45. Nxg7 Rxg2 46.
Nh5 Ra2 47. g4 Ra6 48. f4 Ra3+ 49. Rd3 Ra7 50. f5 Nc6 51. Rc3 Ra6 52. Rc5 Ra3+
53. Kf2 Ra6 54. Nf4 exf5 55. gxf5 Kf6 56. Nd5+ Kg7 57. Nc7 Rb6 58. e5 Nd4 59.
Ne8+ Kh8 60. Nd6 Nc6 61. Rxc6 Rxc6 62. e6 Rxd6 63. e7 Kg7 64. e8=Q Rf6 65. Qe5
Kf7 66. Ke3 Ra6 67. Qd5+ Kf6 68. Qd8+ Kf7 69. Qd7+ Kf6 70. Kf4 h5 71. Qb5 1-0

[Event "AUTO-ELITE-2620"]
[Site "http://www.queenalice.com/game.php?id=1872287"]
[Date "2026.4.22"]
[Round "1"]
[White "acid"]
[Black "ichtus"]
[Result "1/2-1/2"]
[WhiteElo "2723"]
[BlackElo "2837"]

1. e4 c5 2. Nf3 d6 3. d4 cxd4 4. Nxd4 Nf6 5. Nc3 g6 6. f3 Bg7 7. Be3 O-O 8. Qd2
Nc6 9. O-O-O d5 10. exd5 Nxd5 11. Nxc6 bxc6 12. Bd4 e5 13. Bc5 Be6 14. Ne4 Re8
15. h4 h5 16. Bc4 Nf4 17. Bxe6 Nxe6 18. Qc3 Qb8 19. b3 Nxc5 20. Qxc5 Qb6 21. Rd6
Qxc5 22. Nxc5 Rec8 23. Nd7 Rc7 24. Rhd1 Re8 25. Kd2 e4 26. f4 f5 27. Nf6+ Bxf6
28. Rxf6 Kg7 29. Rd6 a5 30. Ke3 a4 31. b4 Rb8 32. Rd7+ Rxd7 33. Rxd7+ Kf6 34. a3
c5 35. bxc5 Rb2 36. Kd2 e3+ 37. Kxe3 Rxc2 38. Rd6+ Ke7 39. Rxg6 Rxc5 40. Kd4 Rc2
1/2-1/2

[Event "AUTO-ELITE-2620"]
[Site "http://www.queenalice.com/game.php?id=1872288"]
[Date "2026.4.22"]
[Round "1"]
[White "ichtus"]
[Black "acid"]
[Result "1/2-1/2"]
[WhiteElo "2835"]
[BlackElo "2721"]

1. Nf3 d5 2. g3 g6 3. Bg2 Bg7 4. d4 Nf6 5. O-O O-O 6. Nbd2 a5 7. c4 c5 8. cxd5
cxd4 9. Nxd4 Nxd5 10. Nc4 a4 11. Nb5 Be6 12. Nd4 Bc8 13. Nb5 Be6 14. Nd4 Bc8
1/2-1/2

[Event "AUTO-ELITE-2620"]
[Site "http://www.queenalice.com/game.php?id=1872293"]
[Date "2026.4.22"]
[Round "1"]
[White "Donidon"]
[Black "ichtus"]
[Result "0-1"]
[WhiteElo "2255"]
[BlackElo "2832"]

1. e4 c5 2. Nf3 d6 3. d4 cxd4 4. Nxd4 Nf6 5. Nc3 a6 6. Bc4 e6 7. Bb3 Nbd7 8. O-O
Nc5 9. Bg5 Be7 10. Re1 Qc7 11. a4 h6 12. Bd2 Nxb3 13. Nxb3 b6 14. Qf3 O-O 15. e5
dxe5 16. a5 Rb8 17. axb6 Rxb6 18. Qg3 Kh8 19. h3 Rd8 20. Rad1 Bd6 21. Na4 Rb5
22. Qc3 Qb8 23. Nbc5 Bb7 24. Nxb7 Qxb7 25. Qf3 Qxf3 26. gxf3 Rc8 27. Rc1 Rb7 28.
Kf1 Rc4 29. b3 Rc6 30. Ke2 e4 31. Be3 Ba3 32. Rb1 Rxc2+ 33. Kd1 Rc4 34. Ke2
exf3+ 35. Kxf3 Rc6 36. Bd4 Nd5 37. Rg1 Bf8 38. Rg3 Rb4 39. Ba1 Rf4+ 40. Kg2 Rc2
41. Rf3 Rxf3 42. Kxf3 Rd2 43. Be5 Rd3+ 44. Kg2 Kh7 45. h4 h5 46. Bb8 a5 47. Ba7
Be7 48. Bb6 Nxb6 49. Nxb6 Bxh4 50. Nc4 Rd5 51. Rh1 Bd8 52. Rh3 g6 53. Rf3 Kg7
54. Kg3 Be7 55. Nb6 Rg5+ 56. Kh3 Rf5 57. Rxf5 exf5 58. f4 Bd6 59. Nc4 Bc7 60.
Kg2 f6 61. Kf3 g5 62. Ne3 Bxf4 63. Nxf5+ Kf7 64. Nd4 Kg6 65. Nc6 Bd2 66. Ke2 Bb4
67. Kf3 g4+ 68. Kg3 Kg5 69. Nd4 h4+ 70. Kg2 h3+ 71. Kh1 g3 72. Ne2 Kg4 73. Ng1
g2+ 74. Kh2 Bd6# 0-1

[Event "AUTO-ELITE-2623"]
[Site "http://www.queenalice.com/game.php?id=1873952"]
[Date "2026.5.27"]
[Round "1"]
[White "ichtus"]
[Black "Caronte"]
[Result "1/2-1/2"]
[WhiteElo "2834"]
[BlackElo "2718"]

1. d4 Nf6 2. Nf3 d5 3. g3 c6 4. Bg2 Bf5 5. Nh4 Be6 6. O-O g6 7. Nd2 Bg7 8. c3
O-O 9. Re1 Nbd7 10. e4 dxe4 11. Nxe4 Re8 12. Bf4 a5 13. a4 Nxe4 14. Bxe4 Bh3 15.
Nf3 e5 16. Nxe5 Bxe5 17. dxe5 Nxe5 18. Qd4 Qe7 19. Qxe5 Qxe5 20. Bxe5 Rxe5 21.
f3 Be6 22. Kf2 Kf8 23. f4 Rc5 24. Red1 h5 25. h4 Ra6 26. Ke3 Rb6 27. Rd2 Bb3 28.
Rd4 Be6 29. Rd2 Bb3 30. Rd4 1/2-1/2

[Event "AUTO-ELITE-2623"]
[Site "http://www.queenalice.com/game.php?id=1873953"]
[Date "2026.5.27"]
[Round "1"]
[White "Caronte"]
[Black "ichtus"]
[Result "1/2-1/2"]
[WhiteElo "2716"]
[BlackElo "2836"]

1. d4 Nf6 2. c4 e6 3. Nc3 Bb4 4. e3 O-O 5. Bd3 d5 6. Nf3 c5 7. O-O dxc4 8. Bxc4
cxd4 9. exd4 b6 10. Qe2 Bb7 11. Bg5 Nbd7 12. Rac1 Bxc3 13. bxc3 Qc7 14. Nd2 Nd5
15. Bxd5 exd5 16. Rfe1 h6 17. Bh4 Qc8 18. Bg3 Re8 19. Qf3 Qc6 20. Nf1 Re6 21.
Rxe6 Qxe6 22. Ne3 Nf6 23. Be5 Ne4 24. h4 f6 25. Bf4 Rc8 26. Bxh6 Rxc3 27. Rxc3
Nxc3 28. Bxg7 Kxg7 29. Nf5+ Kf8 1/2-1/2

[Event "AUTO-ELITE-2623"]
[Site "http://www.queenalice.com/game.php?id=1873954"]
[Date "2026.5.27"]
[Round "1"]
[White "ichtus"]
[Black "trompmaster"]
[Result "1-0"]
[WhiteElo "2827"]
[BlackElo "2442"]

1. Nf3 d5 2. g3 Nf6 3. Bg2 c6 4. O-O Bg4 5. d3 Nbd7 6. Nbd2 e6 7. e4 Be7 8. Qe2
h6 9. h3 Bh5 10. e5 Nh7 11. a4 O-O 12. g4 Bg6 13. a5 Rc8 14. Nd4 c5 15. Nb5 a6
16. Nc3 f6 17. exf6 Rxf6 18. f4 Bd6 19. Nf3 Nhf8 20. f5 Bf7 21. Nh4 g5 22. fxg6
Nxg6 23. Nxg6 Bxg6 24. Bd2 Bf7 25. Rae1 Be5 26. b3 Rxf1+ 27. Rxf1 Qh4 28. Be1
Qg5 29. Na4 Rf8 30. Bd2 Qh4 31. Be3 Bd6 32. Nb6 Nxb6 33. axb6 Qg3 34. Rf3 Qe5
35. Qf2 Be8 36. Bxh6 Rxf3 37. Bxf3 a5 38. Be3 a4 39. bxa4 Bxa4 40. Bxc5 Bxc5 41.
Qxc5 Qg3+ 42. Bg2 Qe1+ 43. Kh2 Qe5+ 44. Kh1 Qe1+ 45. Qg1 Qd2 46. Bf1 Qd1 47. Qf2
Bxc2 48. Qe2 Kf7 49. Qxd1 Bxd1 50. Kg1 e5 51. Bg2 Ke6 52. Kf2 Bc2 53. Ke3 Ba4
54. h4 Bc6 55. d4 Be8 56. dxe5 Kxe5 57. h5 Bf7 58. h6 Bg8 59. g5 Bh7 60. Bf1 d4+
61. Kd2 Kd6 62. Bd3 Bg8 63. h7 Bc4 64. Bxc4 Kc5 65. h8=Q 1-0